000 00592nam a2200205 a 4500
001 17297
003 CO-ViMGA
008 141112s2004 ck r 000 u spa d
020 _a8424922875
040 _aCO-ViMGA
_bspa
_cCO-ViMGA
082 0 4 _a861 L326p
100 1 _aLE Corre, Herve
_924602
245 1 0 _aPoesia hispanoAméricana posmodernista
260 _aMadríd (España),
_cGredos,
_c2001
300 _a423.p.
590 _aForma de adquisición : Premio - Mincultura
650 1 4 _aPOESIA - COLECCIONES
650 1 4 _aPOESIA HISPANOAméricaNA - COLECCIONES
_924603
942 _2ddc
_cBK
999 _c26866
_d26866